| Tag |
First Indicator |
Second Indicator |
Subfields |
| LEADER |
00000cam a2200000 a 4500 |
| 001 |
in00001042012 |
| 005 |
20150928123847.0 |
| 008 |
910827s1991 enkab b 001 0 eng d |
| 020 |
|
|
|a 0860547213
|
| 035 |
|
|
|a (OCoLC)24299831
|
| 035 |
|
|
|9 AFG7199AM
|
| 040 |
|
|
|a TOZ
|c TOZ
|d TXA
|d UtOrBLW
|
| 049 |
|
|
|a TXAM
|
| 090 |
|
|
|a DS110.L62
|b S38 1991
|
| 100 |
1 |
|
|a Schwartz, Joshua.
|
| 245 |
1 |
0 |
|a Lod (Lydda), Israel :
|b from its origins through the Byzantine Period, 5600 B.C.E. - 640 C.E. /
|c Joshua J. Schwartz.
|
| 264 |
|
1 |
|a Oxford :
|b Tempus Reparatum,
|c 1991.
|
| 300 |
|
|
|a 212 pages :
|b illustrations, maps ;
|c 30 cm.
|
| 336 |
|
|
|a text
|b txt
|2 rdacontent
|
| 337 |
|
|
|a unmediated
|b n
|2 rdamedia
|
| 338 |
|
|
|a volume
|b nc
|2 rdacarrier
|
| 490 |
1 |
|
|a BAR international series,
|v 571
|
| 504 |
|
|
|a Includes bibliographical references and index.
|
| 651 |
|
0 |
|a Lod (Israel)
|x History.
|
| 651 |
|
0 |
|a Lod (Israel)
|x Antiquities.
|
| 650 |
|
0 |
|a Excavations (Archaeology)
|z Israel
|z Lod.
|
| 830 |
|
0 |
|a BAR international series ;
|v 571.
|
| 999 |
|
|
|a MARS
|
| 999 |
f |
f |
|s 2f9a5407-4118-3ed7-9057-2a982e3e2c60
|i 201a9721-832f-3167-a953-72c2be891227
|t 0
|
| 952 |
f |
f |
|p ric
|a Texas A&M University
|b Rellis Campus
|c Joint Library Facility
|d Remote Storage
|t 0
|e DS110.L62 S38 1991
|h Library of Congress classification
|i unmediated -- volume
|m A14815651253
|
| 998 |
f |
f |
|a DS110.L62 S38 1991
|t 0
|l Remote Storage
|